Alternative pricing benchmark for Islamic home financing : NAPREC (R&D) - 26/16 /
Saved in:
| Main Author: | |
|---|---|
| Other Authors: | |
| Format: | Unknown |
| Language: | English |
| Published: |
Putrajaya :
The National Real Property Research Coordinator (NAPREC), Valuation & Property Services Department, Ministry of Finance, Malaysia,
2016
|
| Tags: |
Add Tag
No Tags, Be the first to tag this record!
|
| LEADER | 010180000a22002170004500 | ||
|---|---|---|---|
| 008 | 180219s2016 my a g 000 0 eng d | ||
| 040 | |a UIAM |b eng |e rda | ||
| 041 | |a eng | ||
| 084 | |a BPH338 | ||
| 100 | 0 | |a Salina Kassim | |
| 245 | 0 | |a Alternative pricing benchmark for Islamic home financing : |b NAPREC (R&D) - 26/16 / |c Assoc. Professor Dr. Salina Haji Kassim (Project leader) ; Nur Harena Redzuan | |
| 264 | 1 | |a Putrajaya : |b The National Real Property Research Coordinator (NAPREC), Valuation & Property Services Department, Ministry of Finance, Malaysia, |c 2016 | |
| 300 | |a 85 pages : |b illustrations ; |c 30 cm. | ||
| 337 | |2 media |a unmediated | ||
| 504 | |a Includes bibliographical references (pages 79-81). | ||
| 596 | |a 1 4 | ||
| 691 | |a Banks and banking, Islamic |x Home financing | ||
| 700 | 0 | |a Nur Harena Redzuan | |
| 900 | |a prelim-arf-mbs-sar-mbs | ||
| 999 | |c 439839 |d 472127 | ||
| 952 | |0 0 |6 BPH000338 S25 2016 |7 0 |8 THESES |9 762715 |a IIiBFL |b IIiBFL |c CLOSEACCES |g 0.00 |o BPH338 S25 2016 |p 11100379879 |r 2020-08-12 |t 1 |v 0.00 |y THESIS | ||
